[Event "1st Abu Dhabi Super Blitz"]
[Site "chess.com INT"]
[Date "2020.04.15"]
[Round "9"]
[White "Ponkratov, Pavel"]
[Black "Davtyan, Artur"]
[Result "0-1"]
[WhiteTitle "GM"]
[BlackTitle "IM"]
[WhiteElo "2631"]
[BlackElo "2461"]
[WhiteFideId "4157800"]
[BlackFideId "13308327"]
[EventDate "2020.04.15"]
[EventType "blitz"]

1. c4 e6 2. Nc3 d5 3. e3 Nf6 4. g4 d4 5. exd4 Qxd4 6. h3 Bc5 7. Qe2 Nc6 8. Nf3
Qd8 9. d3 b6 10. Be3 Bb7 11. g5 Nh5 12. O-O-O Nd4 13. Nxd4 Bxd4 14. Rg1 g6 15.
Bxd4 Qxd4 16. Nb5 Qf4+ 17. Qe3 O-O-O 18. Nxa7+ Kb8 19. Nb5 h6 20. Qxf4 Nxf4 21.
h4 hxg5 22. hxg5 Rh2 23. Rd2 e5 24. Kc2 Ne6 25. Be2 Bc6 26. Nc3 Rxf2 27. Bd1
Rxd2+ 28. Kxd2 Nc5 29. Be2 e4 30. d4 Rxd4+ 31. Ke3 Rd7 32. b4 Ne6 33. Nxe4 Bxe4
34. Kxe4 Rd2 35. Bd3 Rxa2 36. Ke5 Rd2 37. Rg3 Rf2 38. Be4 Kc8 39. Bc6 Rf5+ 40.
Ke4 Nxg5+ 41. Kd3 Kd8 42. Re3 Ne6 43. Kc3 Ke7 44. Rd3 g5 45. Rd7+ Kf6 46. Bd5 g4
47. Kd2 g3 48. Ke3 Ke5 49. Re7 Kd6 50. Re8 c6 51. Bf3 Ng5 52. Bg2 Rf2 53. Rd8+
Kc7 54. Rd2 Rxd2 55. Kxd2 Kd6 56. Ke3 c5 57. bxc5+ Kxc5 58. Kf4 Ne6+ 59. Kxg3
Kxc4 60. Kg4 b5 61. Kf5 Kd4 62. Kf6 b4 63. Bh3 b3 64. Bf5 Nc5 65. Bb1 Ne4+ 66.
Kxf7 Nc3 67. Bg6 b2 68. Bc2 Nd5 69. Ke6 Nb4 70. Bb1 Nd5 71. Kf5 Nc3 72. Bc2 Ne2
73. Ke6 Nf4+ 74. Kd6 Nd3 75. Bb1 Kc3 76. Kd5 Nb4+ 77. Ke4 Kd2 78. Kd4 Kc1 79.
Be4 Nc2+ 0-1

[Event "1st Abu Dhabi Super Blitz"]
[Site "chess.com INT"]
[Date "2020.04.15"]
[Round "9"]
[White "Gadimbayli, Abdulla"]
[Black "Meier, Georg"]
[Result "1/2-1/2"]
[WhiteTitle "IM"]
[BlackTitle "GM"]
[WhiteElo "2470"]
[BlackElo "2621"]
[WhiteFideId "13404938"]
[BlackFideId "4675789"]
[EventDate "2020.04.15"]
[EventType "blitz"]

1. e4 e6 2. d4 d5 3. Nd2 dxe4 4. Nxe4 Nd7 5. Nf3 Ngf6 6. Bd3 c5 7. O-O Nxe4 8.
Bxe4 Nf6 9. Bg5 cxd4 10. Nxd4 Be7 11. Bf3 O-O 12. c3 a6 13. Qb3 Qc7 14. Rfe1 Re8
15. Bh4 Rb8 16. Rad1 Bd6 17. Bxf6 gxf6 18. h3 Bd7 19. Bh5 Qc5 20. Bf3 Kh8 21.
Qc2 Red8 22. Nb3 Qc7 23. Rd4 f5 24. Qd2 Be5 25. Rxe5 Qxe5 26. Rxd7 Rxd7 27. Qxd7
Qe1+ 28. Kh2 Qxf2 29. Qxf7 Rg8 30. Qf6+ Rg7 31. Qxe6 Qxb2 32. Nd4 Qxc3 33. Qe8+
Rg8 34. Qe5+ Rg7 35. Qe8+ Rg8 36. Qe5+ Rg7 37. Bd5 Qc7 38. Qxc7 Rxc7 39. Nxf5 b5
40. Ne3 a5 41. h4 Rc3 42. Nf5 Rc5 43. Be6 Re5 44. Bd7 b4 45. g4 Re2+ 46. Kg3
Rxa2 47. Be6 b3 48. Nd4 Ra3 49. Kf4 b2 50. Bf5 Ra1 51. Nb3 Ra3 52. Nd2 Rc3 53.
Nb1 Rc1 54. g5 Kg7 55. h5 h6 56. gxh6+ Kxh6 57. Bg6 a4 58. Ke3 a3 59. Nxa3 Rc3+
60. Kd2 Rxa3 61. Kc2 Ra2 62. Kb1 Ra5 63. Kxb2 Kg5 64. Kb3 Re5 65. Kc4 Re6 66.
Kd4 Rd6+ 67. Kc5 Ra6 68. Kd4 Rf6 69. Kd5 Rf1 70. Ke5 Re1+ 71. Kd6 Kf6 72. Kd5
Re5+ 73. Kd4 Re7 74. Kd5 Re1 75. Kd4 Rd1+ 76. Ke4 Rh1 77. Kd4 Rh4+ 78. Kd5 Rh2
79. Kd4 Ke6 80. Ke4 Rh4+ 81. Kd3 Kf6 82. Ke3 Ke5 83. Kd3 Rg4 84. Kc3 Kd5 85. Kb3
Kc5 86. Kc2 Rg3 87. Kd2 Kd4 88. Ke2 Ke5 89. Kf2 Kf4 90. Bf7 Rh3 91. Kg2 Rg3+ 92.
Kf2 Rg7 93. Bg6 Ra7 94. Ke2 Ra2+ 95. Kd3 Rh2 96. Kd4 Rd2+ 97. Kc4 Ke5 98. Kc3
Rg2 99. Kc4 Rg3 100. Kb4 Kd4 101. Bf5 Rg5 102. Bg6 Rg2 103. Kb5 Kd5 104. Kb4 Kd4
105. Kb5 Rg1 106. Kc6 Ke5 107. Kd7 Ra1 108. Kc6 Rc1+ 109. Kb5 Kd5 110. Kb4 Rh1
111. Kb3 Rh3+ 112. Kb4 Kd4 113. Kb5 1/2-1/2

[Event "1st Abu Dhabi Super Blitz"]
[Site "chess.com INT"]
[Date "2020.04.15"]
[Round "10"]
[White "Fedoseev, Vladimir3"]
[Black "Florescu, Codrut-Constantin"]
[Result "0-1"]
[WhiteTitle "GM"]
[BlackTitle "IM"]
[WhiteElo "2678"]
[BlackElo "2293"]
[WhiteFideId "24130737"]
[BlackFideId "1202200"]
[EventDate "2020.04.15"]
[EventType "blitz"]

1. h4 d5 2. h5 e5 3. d4 exd4 4. Qxd4 Nc6 5. Qd1 h6 6. Bf4 Nf6 7. e3 Bd6 8. Bxd6
Qxd6 9. c3 Bg4 10. Be2 Bxe2 11. Nxe2 O-O-O 12. Nd2 Ne5 13. Qc2 Qa6 14. Qf5+ Nfd7
15. Nf4 g6 16. Qc2 g5 17. Nxd5 Nd3+ 18. Kf1 Nb4+ 0-1

[Event "1st Abu Dhabi Super Blitz"]
[Site "chess.com INT"]
[Date "2020.04.15"]
[Round "10"]
[White "Sviridov, Valery"]
[Black "Caruana, Fabiano"]
[Result "0-1"]
[BlackTitle "GM"]
[WhiteElo "2558"]
[BlackElo "2835"]
[WhiteFideId "4120680"]
[BlackFideId "2020009"]
[EventDate "2020.04.15"]
[EventType "blitz"]

1. Nf3 d5 2. g3 Nc6 3. Bg2 e5 4. d3 Be6 5. a3 Qd7 6. b4 f6 7. Bb2 O-O-O 8. Nbd2
Bh3 9. Bxh3 Qxh3 10. c4 Kb8 11. cxd5 Rxd5 12. Rc1 Nh6 13. Qb3 Qd7 14. Ne4 Nf5
15. Nc3 Rd6 16. Ne4 Re6 17. h4 Re8 18. Qc3 Bd6 19. b5 Ncd4 20. Nxd4 exd4 21. Qc4
h5 22. a4 b6 23. Bxd4 Ba3 24. Ra1 Qxd4 25. Qxd4 Nxd4 26. Rxa3 Nc2+ 27. Kd2 Nxa3
28. Ra1 Nc4+ 0-1

[Event "1st Abu Dhabi Super Blitz"]
[Site "chess.com INT"]
[Date "2020.04.15"]
[Round "10"]
[White "Nagy, Gabor1"]
[Black "Bortnyk, Olexandr"]
[Result "0-1"]
[WhiteTitle "IM"]
[BlackTitle "GM"]
[WhiteElo "2502"]
[BlackElo "2598"]
[WhiteFideId "737119"]
[BlackFideId "14120828"]
[EventDate "2020.04.15"]
[EventType "blitz"]

1. d4 Nf6 2. c4 d6 3. Nf3 g6 4. g3 Bg7 5. Bg2 O-O 6. O-O Bf5 7. Nh4 Be4 8. f3
Bxb1 9. Rxb1 c5 10. d5 Qa5 11. a3 b5 12. b3 Nbd7 13. Qc2 bxc4 14. bxc4 Rfb8 15.
Bd2 Qxa3 16. f4 Ng4 17. h3 Bd4+ 18. Kh1 Qxg3 19. Nf3 Nf2+ 20. Rxf2 Bxf2 21. Rf1
Nf6 22. e4 Nh5 23. Bc3 Be3 24. Be1 Qxf4 25. Qe2 Rb1 26. Nd2 Bxd2 0-1

[Event "1st Abu Dhabi Super Blitz"]
[Site "chess.com INT"]
[Date "2020.04.15"]
[Round "10"]
[White "Haydon, David L"]
[Black "Deac, Bogdan-Daniel"]
[Result "0-1"]
[WhiteTitle "FM"]
[BlackTitle "GM"]
[WhiteElo "2294"]
[BlackElo "2625"]
[WhiteFideId "415405"]
[BlackFideId "1226380"]
[EventDate "2020.04.15"]
[EventType "blitz"]

1. Nf3 d5 2. e3 g6 3. d4 Bg7 4. c4 Nf6 5. Nc3 O-O 6. cxd5 Nxd5 7. Bc4 Nb6 8. Bb3
c5 9. O-O cxd4 10. exd4 Bg4 11. Be3 Nc6 12. h3 Bxf3 13. Qxf3 Nxd4 14. Bxd4 Qxd4
15. Qxb7 Qd7 16. Qf3 e6 17. Rad1 Qe7 18. Rd3 Rad8 19. Rfd1 Rxd3 20. Qxd3 Rc8 21.
Rd2 h5 22. Ne2 a5 23. Qb5 Qa7 24. Rd6 Rb8 25. Bc2 Nd5 26. Qc4 Rxb2 27. Be4 Nc3
28. Rd8+ Kh7 29. Bf3 Rb1+ 30. Kh2 Qxf2 31. Nxc3 Be5+ 0-1

[Event "1st Abu Dhabi Super Blitz"]
[Site "chess.com INT"]
[Date "2020.04.15"]
[Round "10"]
[White "Sevian, Samuel"]
[Black "Korobov, Anton"]
[Result "1-0"]
[WhiteTitle "GM"]
[BlackTitle "GM"]
[WhiteElo "2660"]
[BlackElo "2688"]
[WhiteFideId "2040506"]
[BlackFideId "14105730"]
[EventDate "2020.04.15"]
[EventType "blitz"]

1. e4 c5 2. Nf3 d6 3. d4 cxd4 4. Nxd4 Nf6 5. Nc3 Nc6 6. Bg5 e6 7. Qd2 a6 8.
O-O-O h6 9. Nxc6 bxc6 10. Bf4 d5 11. Qe3 Bb4 12. Be2 O-O 13. e5 Nd7 14. h4 f6
15. Qg3 Kh8 16. Bd3 fxe5 17. Qg6 Rf5 18. Bxf5 exf5 19. Qxc6 Rb8 20. Bxh6 Rb6 21.
Bg5 Rxc6 22. Bxd8 d4 23. Nd5 Bc5 24. Ne7 Bxe7 25. Bxe7 Bb7 26. f4 Re6 27. Bg5
Bxg2 28. Rhg1 Bf3 29. Rd2 Be4 30. fxe5 Nxe5 31. Rxd4 Kh7 32. Rf1 Nf3 33. Rd7 Kg6
34. Be3 Rc6 35. c3 Kf6 36. h5 Rc8 37. Ra7 Rh8 38. h6 Ke5 39. hxg7 1-0

[Event "1st Abu Dhabi Super Blitz"]
[Site "chess.com INT"]
[Date "2020.04.15"]
[Round "10"]
[White "Sasikiran, Krishnan"]
[Black "Davtyan, Artur"]
[Result "1-0"]
[WhiteTitle "GM"]
[BlackTitle "IM"]
[WhiteElo "2647"]
[BlackElo "2461"]
[WhiteFideId "5004985"]
[BlackFideId "13308327"]
[EventDate "2020.04.15"]
[EventType "blitz"]

1. e4 e5 2. Nf3 Nc6 3. Bb5 a6 4. Ba4 g6 5. c3 Bg7 6. d4 exd4 7. cxd4 b5 8. Bb3
Nge7 9. O-O d6 10. a4 Bd7 11. Re1 O-O 12. h3 Na5 13. Bc2 c5 14. Bf4 cxd4 15.
Bxd6 Nc4 16. Ba3 b4 17. Bxb4 Nxb2 18. Qc1 d3 19. Bb3 Rc8 20. Nc3 Qb6 21. Qxb2
Rb8 22. Bxe7 Qxb3 23. Qxb3 Rxb3 24. Nd5 Bxa1 25. Rxa1 Rfb8 26. Nf6+ Kg7 27. Nxd7
Rb1+ 28. Rxb1 Rxb1+ 29. Kh2 Rb7 30. Bf6+ Kg8 31. Nc5 Rb4 32. a5 Rb5 33. Nxa6
Rxa5 34. Nb4 Ra4 35. Nxd3 Rxe4 36. g4 h6 37. Kg3 Rc4 38. Nde5 Rc7 39. h4 Rb7 40.
h5 Kh7 41. hxg6+ fxg6 42. g5 hxg5 43. Nxg5+ Kh6 44. Ne6 Rb6 45. Bg5+ Kh5 46. f4
Rxe6 47. Nd7 Re3+ 48. Kf2 Re6 49. Nf6+ Rxf6 50. Bxf6 Kg4 51. Bg5 Kh5 52. Ke3 Kg4
53. Kd4 Kf5 54. Kd5 Kg4 55. Ke6 Kh5 56. Kf6 Kg4 1-0

[Event "1st Abu Dhabi Super Blitz"]
[Site "chess.com INT"]
[Date "2020.04.15"]
[Round "10"]
[White "Artemiev, Vladislav"]
[Black "Giri, Anish"]
[Result "1-0"]
[WhiteTitle "GM"]
[BlackTitle "GM"]
[WhiteElo "2716"]
[BlackElo "2764"]
[WhiteFideId "24101605"]
[BlackFideId "24116068"]
[EventDate "2020.04.15"]
[EventType "blitz"]

1. Nf3 d5 2. b3 c5 3. Bb2 Nf6 4. e3 g6 5. c4 dxc4 6. Bxc4 Bg7 7. O-O O-O 8. d4
cxd4 9. Nxd4 Bd7 10. Nd2 Nc6 11. N2f3 Qa5 12. Qe2 Nxd4 13. Bxd4 Rfd8 14. h3 Be8
15. Qb2 Nh5 16. Bxg7 Nxg7 17. Ne5 Qd2 18. Qb1 Qd6 19. Qe4 b5 20. Be2 Rac8 21.
Rfd1 Qe6 22. Qf4 h5 23. Rac1 Rxd1+ 24. Rxd1 Qf5 25. Qxf5 Nxf5 26. g4 hxg4 27.
Bxg4 Kg7 28. e4 Rc2 29. exf5 gxf5 30. Bxf5 Rxa2 31. Rd8 Kf6 32. Rxe8 Kxe5 33.
Bd3 a6 34. Rxe7+ Kd4 35. Bf1 Rb2 36. Re3 Kc5 37. h4 1-0

[Event "1st Abu Dhabi Super Blitz"]
[Site "chess.com INT"]
[Date "2020.04.15"]
[Round "10"]
[White "Grischuk, Alexander"]
[Black "Svidler, Peter"]
[Result "0-1"]
[WhiteTitle "GM"]
[BlackTitle "GM"]
[WhiteElo "2777"]
[BlackElo "2723"]
[WhiteFideId "4126025"]
[BlackFideId "4102142"]
[EventDate "2020.04.15"]
[EventType "blitz"]

1. Nf3 Nf6 2. g3 g6 3. c4 Bg7 4. Nc3 O-O 5. Bg2 c6 6. e4 d5 7. cxd5 cxd5 8. e5
Ne4 9. O-O Nc6 10. d4 Bf5 11. Nh4 Nxc3 12. bxc3 Be6 13. Re1 Rc8 14. Qd3 Qd7 15.
Bd2 Na5 16. Bf3 Nc4 17. Bc1 Rc7 18. Ng2 Bg4 19. Nf4 Bxf3 20. Qxf3 e6 21. Qg4 Qa4
22. Qe2 Rfc8 23. h4 Na3 24. Bd2 Nb5 25. Reb1 Nxc3 26. Bxc3 Rxc3 27. Rxb7 Qxd4
28. Rd1 Qxe5 29. Qb5 R3c7 30. a4 h6 31. a5 Rxb7 32. Qxb7 Rc7 33. Qb8+ Kh7 34. a6
Qc3 35. Qb5 Qc2 36. Rb1 Bd4 37. Rf1 Bb6 38. Kg2 Qe4+ 39. Kg1 Kg7 40. Qb2+ e5 0-1

[Event "1st Abu Dhabi Super Blitz"]
[Site "chess.com INT"]
[Date "2020.04.15"]
[Round "10"]
[White "Nepomniachtchi, Ian"]
[Black "Andreikin, Dmitry"]
[Result "1-0"]
[WhiteTitle "GM"]
[BlackTitle "GM"]
[WhiteElo "2784"]
[BlackElo "2726"]
[WhiteFideId "4168119"]
[BlackFideId "4158814"]
[EventDate "2020.04.15"]
[EventType "blitz"]

1. e4 e5 2. Nf3 Nc6 3. Bb5 Nf6 4. O-O Nxe4 5. d4 Nd6 6. Bxc6 dxc6 7. dxe5 Nf5 8.
Qxd8+ Kxd8 9. Nc3 Ke8 10. h3 h5 11. Bf4 Be7 12. Rad1 Be6 13. Ng5 Rh6 14. Rfe1
Bb4 15. a3 Bxc3 16. bxc3 Rg6 17. Kh2 Rd8 18. Rxd8+ Kxd8 19. g4 hxg4 20. hxg4 Ne7
21. f3 Bd5 22. Kg3 c5 23. Rh1 Kd7 24. Rh7 Nc6 25. Nh3 b6 26. Kf2 Nd8 27. Be3 Ne6
28. Kg3 Kc6 29. Nf2 f5 30. exf6 gxf6 31. f4 Ng7 32. Kh4 Be6 33. c4 a5 34. a4 Bd7
35. Bc1 Be6 36. Bb2 Bc8 37. Rh8 Bd7 38. Rf8 1-0

[Event "1st Abu Dhabi Super Blitz"]
[Site "chess.com INT"]
[Date "2020.04.15"]
[Round "10"]
[White "Kozak, Adam"]
[Black "Le, Tuan Minh"]
[Result "0-1"]
[WhiteTitle "GM"]
[BlackTitle "IM"]
[WhiteElo "2503"]
[BlackElo "2501"]
[WhiteFideId "753246"]
[BlackFideId "12401153"]
[EventDate "2020.04.15"]
[EventType "blitz"]

1. Nf3 Nf6 2. g3 d5 3. Bg2 Bg4 4. O-O c6 5. h3 Bh5 6. d4 e6 7. c4 Nbd7 8. cxd5
exd5 9. Qb3 Qb6 10. Qe3+ Be7 11. Nh4 Bg6 12. b3 Kf8 13. Nc3 Re8 14. Nxg6+ hxg6
15. Qd3 Bb4 16. Bb2 Bxc3 17. Bxc3 Ne4 18. Bb2 Ndf6 19. Bc1 g5 20. a4 a6 21. Rb1
Qb4 22. Ra1 Qb6 23. Be3 g6 24. Rab1 Qb4 25. Rfc1 Kg7 26. Rc2 Qe7 27. Bc1 Qe6 28.
Qf3 g4 29. hxg4 Nxg4 30. e3 Rh5 31. Qf4 g5 32. Qf3 Reh8 33. b4 Qh6 34. b5 Ngf6
35. g4 Rh4 36. bxc6 Rxg4 37. Kf1 bxc6 38. Rxc6 Qh2 39. Rbb6 Rxg2 40. Qxg2 Qh1+
41. Qg1 Qf3 42. Ke1 Rh1 43. Qxh1 Qxh1+ 44. Ke2 Qg2 45. Kd1 Qxf2 0-1

[Event "1st Abu Dhabi Super Blitz"]
[Site "chess.com INT"]
[Date "2020.04.15"]
[Round "10"]
[White "Laurusas, Tomas"]
[Black "Quparadze, Giga"]
[Result "1-0"]
[WhiteTitle "IM"]
[BlackTitle "GM"]
[WhiteElo "2511"]
[BlackElo "2463"]
[WhiteFideId "12803731"]
[BlackFideId "13602250"]
[EventDate "2020.04.15"]
[EventType "blitz"]

1. d4 Nf6 2. c4 e6 3. Nf3 b6 4. g3 Bb4+ 5. Nbd2 Ba6 6. Qb3 c5 7. Bg2 Nc6 8. dxc5
bxc5 9. O-O Rb8 10. Qa4 Qa5 11. Qc2 Qc7 12. b3 Nd4 13. Nxd4 cxd4 14. Nf3 Bc3 15.
Bb2 Bxb2 16. Qxb2 e5 17. e3 dxe3 18. Qxe5+ Qxe5 19. Nxe5 exf2+ 20. Rxf2 Bb7 21.
Re1 O-O 22. Rxf6 gxf6 23. Nxd7 Bxg2 24. Kxg2 Rbd8 25. Nxf8 Rd2+ 26. Kf3 Kxf8 27.
Re2 Rd1 28. Kf4 Rf1+ 29. Ke4 Ke7 30. Kd5+ Kd7 31. Kc5 Rf5+ 32. Kb4 h5 33. Rd2+
Kc6 34. Rd8 Rf2 35. a4 Rxh2 36. Rf8 Rg2 37. Rxf7 Rxg3 38. Rxf6+ Kb7 39. Rh6 a5+
40. Kxa5 Rxb3 41. Rxh5 Kc7 42. Rc5+ Kd6 43. Rb5 Ra3 44. Rb8 Kc7 45. Rh8 Ra1 46.
Rh6 Kb7 47. Rh7+ Kc6 48. Rh5 Rc1 49. Rh6+ Kc5 50. Rh8 Kc6 51. Rc8+ Kd7 52. Rc5
Rb1 53. Rb5 Rc1 54. Kb4 Kc6 55. Rc5+ Kb7 56. a5 Rb1+ 57. Kc3 Rc1+ 58. Kb2 Rh1
59. Rg5 Rh3 60. Rg6 Rg3 61. Rxg3 1-0

[Event "1st Abu Dhabi Super Blitz"]
[Site "chess.com INT"]
[Date "2020.04.15"]
[Round "10"]
[White "Paravyan, David"]
[Black "Nihal, Sarin"]
[Result "0-1"]
[WhiteTitle "GM"]
[BlackTitle "GM"]
[WhiteElo "2653"]
[BlackElo "2620"]
[WhiteFideId "4194985"]
[BlackFideId "25092340"]
[EventDate "2020.04.15"]
[EventType "blitz"]

1. e4 c6 2. d4 d5 3. e5 c5 4. c3 Nc6 5. a3 Bf5 6. Be3 e6 7. Nd2 cxd4 8. cxd4 Qb6
9. b4 Nge7 10. Rc1 Bg6 11. h4 h5 12. Nh3 Nf5 13. Nf4 Be7 14. Nxg6 fxg6 15. Bd3
O-O 16. b5 Nxe3 17. fxe3 Nxe5 18. dxe5 Qxe3+ 19. Qe2 Qg3+ 20. Kd1 Rf2 21. Qe1
Raf8 22. Rc3 Qxg2 23. Rc2 Bxa3 24. Rg1 Qh3 25. Rc3 Bb4 26. Rh1 Qg3 27. Rg1 Qf4
28. Kc2 Bxc3 29. Kxc3 Rxd2 30. Qxd2 Rc8+ 0-1

[Event "1st Abu Dhabi Super Blitz"]
[Site "chess.com INT"]
[Date "2020.04.15"]
[Round "10"]
[White "Roiz, Michael"]
[Black "Akobian, Varuzhan"]
[Result "1-0"]
[WhiteTitle "GM"]
[BlackTitle "GM"]
[WhiteElo "2583"]
[BlackElo "2614"]
[WhiteFideId "2804158"]
[BlackFideId "13300580"]
[EventDate "2020.04.15"]
[EventType "blitz"]

1. Nf3 d5 2. g3 Nf6 3. Bg2 c6 4. c4 d4 5. O-O Bg4 6. d3 Bxf3 7. Bxf3 e5 8. Nd2
Nbd7 9. Rb1 a5 10. a3 a4 11. Bg2 Bd6 12. Nf3 O-O 13. e3 c5 14. Nh4 Ra7 15. Nf5
Bc7 16. Bd2 g6 17. Nh4 Ba5 18. exd4 Bxd2 19. Qxd2 exd4 20. Rfe1 Re8 21. Rxe8+
Qxe8 22. Nf3 Kg7 23. Re1 Qb8 24. Re7 Qd6 25. Qe1 Ng8 26. Re8 Ndf6 27. Re2 b6 28.
Ne5 Re7 29. h3 h5 30. Nc6 Rc7 31. Ne5 Re7 32. Nf3 Rxe2 33. Qxe2 Nd7 34. Qd1 Ne5
35. Nxe5 Qxe5 36. Qxa4 Qe1+ 37. Bf1 Nf6 38. Qc6 h4 39. g4 Nh7 40. Qd5 Qc1 41.
Qe5+ Kh6 42. b4 f6 43. Qd6 1-0

[Event "1st Abu Dhabi Super Blitz"]
[Site "chess.com INT"]
[Date "2020.04.15"]
[Round "10"]
[White "Dominguez Perez, Leinier"]
[Black "Bartel, Mateusz"]
[Result "0-1"]
[WhiteTitle "GM"]
[BlackTitle "GM"]
[WhiteElo "2758"]
[BlackElo "2648"]
[WhiteFideId "3503240"]
[BlackFideId "1112635"]
[EventDate "2020.04.15"]
[EventType "blitz"]

1. e4 d5 2. exd5 Qxd5 3. Nc3 Qd8 4. d4 Nf6 5. Nf3 g6 6. Bc4 Bg7 7. O-O O-O 8.
Re1 b6 9. Ne5 Bb7 10. Bg5 Nc6 11. Ba6 Bxa6 12. Nxc6 Qd6 13. Nxe7+ Kh8 14. Qf3
Rae8 15. Bf4 Qd7 16. Bg5 Qd6 17. Bxf6 Qxf6 18. Qxf6 Bxf6 19. Nc6 Bb7 20. Ne5 Rd8
21. Ne4 Bg7 22. c3 Kg8 23. b4 Rfe8 24. Ng3 f6 25. Nd3 Bd5 26. a3 Bh6 27. Nf1 Kf7
28. Ne3 Be4 29. Nb2 Bb7 30. Nd3 Bf8 31. Rad1 h5 32. h4 Bh6 33. f4 Re4 34. g3
Rde8 35. Kf2 Bf8 36. Nc2 Bd6 37. Rxe4 Bxe4 38. Ne3 g5 39. hxg5 fxg5 40. fxg5 Kg6
41. Nf4+ Kxg5 42. Nh3+ Kh6 43. Nf4 Rf8 44. Ke2 Bxf4 45. gxf4 Rxf4 46. Rg1 h4 47.
Rg8 h3 48. Rh8+ Bh7 49. Nf1 Rf7 50. Nh2 Kh5 0-1

[Event "1st Abu Dhabi Super Blitz"]
[Site "chess.com INT"]
[Date "2020.04.15"]
[Round "10"]
[White "Narayanan, S.L."]
[Black "Sychev, Klementy"]
[Result "1-0"]
[WhiteTitle "GM"]
[BlackTitle "GM"]
[WhiteElo "2618"]
[BlackElo "2572"]
[WhiteFideId "5058422"]
[BlackFideId "4114060"]
[EventDate "2020.04.15"]
[EventType "blitz"]

1. e4 e5 2. Nf3 Nc6 3. Bb5 a6 4. Ba4 b5 5. Bb3 Na5 6. O-O d6 7. d4 exd4 8. Nxd4
Bb7 9. Bd2 Nxb3 10. Nxb3 Rb8 11. Na5 Ba8 12. a4 Nf6 13. axb5 axb5 14. Nc3 Be7
15. Qf3 c6 16. Rfd1 b4 17. Ne2 O-O 18. Ng3 Rb5 19. Nb3 c5 20. Re1 Re8 21. Nf5
Bf8 22. Bg5 Re6 23. Nd2 h6 24. Bh4 g5 25. Bg3 d5 26. e5 Nd7 27. h4 Bc6 28. Ra6
Bb7 29. Rxe6 fxe6 30. Nd6 Bxd6 31. exd6 Qe8 32. hxg5 Nf8 33. gxh6 Qg6 34. Re5
Bc6 35. Bh4 Nh7 36. Qh3 Bd7 37. Re3 Kh8 38. Rg3 Qf7 39. Nf3 Rb8 40. Ne5 Qe8 41.
Ng6+ Kg8 42. Ne7+ Kh8 43. Rg7 e5 44. Qd3 Nf8 45. Bf6 Nh7 46. Qxh7# 1-0

[Event "1st Abu Dhabi Super Blitz"]
[Site "chess.com INT"]
[Date "2020.04.15"]
[Round "10"]
[White "Alekseenko, Kirill"]
[Black "Ozen, Bahadir"]
[Result "1/2-1/2"]
[WhiteTitle "GM"]
[BlackTitle "IM"]
[WhiteElo "2696"]
[BlackElo "2369"]
[WhiteFideId "4135539"]
[BlackFideId "6337058"]
[EventDate "2020.04.15"]
[EventType "blitz"]

1. e4 e5 2. Nf3 Nc6 3. Bc4 Bc5 4. c3 Nf6 5. d3 d6 6. O-O a6 7. a4 Ba7 8. a5 O-O
9. h3 h6 10. Be3 Re8 11. Nbd2 Be6 12. Bxe6 Rxe6 13. Bxa7 Rxa7 14. d4 exd4 15.
cxd4 Re8 16. Re1 b6 17. axb6 cxb6 18. d5 Ne5 19. Nd4 Ra8 20. Qb3 b5 21. f4 Qb6
22. Qe3 Nc4 23. Nxc4 bxc4 24. Nf5 Qxe3+ 25. Rxe3 Rxe4 26. Rxe4 Nxe4 27. Ra4 Nf6
28. Nxd6 Nxd5 29. Rxc4 Rb8 30. Rd4 Ne7 31. Nc4 Rb4 32. Rd8+ Kh7 33. Ne5 Rxf4 34.
Rd7 Ng6 35. Nxf7 Rb4 36. g3 Rxb2 37. h4 Nf8 38. Rd8 Ne6 39. Ra8 Kg6 40. Ne5+ Kf5
41. Nd3 Rb3 42. Nf2 Rxg3+ 43. Kh2 Ra3 44. Kg2 a5 45. Ra6 g5 46. h5 Nf4+ 47. Kh2
Ra2 48. Kg3 Nxh5+ 49. Kf3 Ra3+ 50. Ke2 Nf4+ 51. Kd2 h5 52. Ra8 Ra2+ 53. Ke3 Re2+
54. Kf3 g4+ 55. Kg3 h4+ 56. Kxh4 Rxf2 57. Rxa5+ Ke4 58. Kxg4 Rg2+ 59. Kh4 Ng6+
60. Kh5 Nf4+ 61. Kh4 Nd5 62. Ra8 Rg7 63. Ra1 Kf3 64. Ra3+ Kf4 65. Ra4+ Ke5 66.
Kh3 Nf4+ 67. Kh2 Kf5 68. Ra5+ Kg4 69. Ra8 Rc7 70. Ra2 Rc3 71. Rb2 Rg3 72. Ra2
Rh3+ 73. Kg1 Nd3 74. Ra8 Kf3 75. Ra7 Rg3+ 76. Kf1 Rh3 77. Rf7+ Nf4 78. Ke1 Rh2
79. Kd1 Ra2 80. Re7 Nd3 81. Re3+ Kxe3 1/2-1/2

[Event "1st Abu Dhabi Super Blitz"]
[Site "chess.com INT"]
[Date "2020.04.15"]
[Round "10"]
[White "Terry, Renato"]
[Black "Dubov, Daniil"]
[Result "0-1"]
[WhiteTitle "IM"]
[BlackTitle "GM"]
[WhiteElo "2504"]
[BlackElo "2699"]
[WhiteFideId "3803457"]
[BlackFideId "24126055"]
[EventDate "2020.04.15"]
[EventType "blitz"]

1. d4 d5 2. Nf3 Nf6 3. c4 e6 4. e3 Nbd7 5. b3 b6 6. Bd3 Bb7 7. O-O dxc4 8. bxc4
c5 9. Bb2 cxd4 10. exd4 Be7 11. Nbd2 O-O 12. Qe2 Rc8 13. Rac1 Qc7 14. Ne4 Nxe4
15. Bxe4 Bxe4 16. Qxe4 Nf6 17. Qe2 Qb7 18. Qd3 Rfd8 19. Qb3 Rc7 20. Rc2 Rdc8 21.
Rfc1 Nd7 22. a4 Bf6 23. Ba3 Qe4 24. Qe3 Qf5 25. h3 h5 26. Qb3 Rc6 27. Qb5 Qd3
28. Rc3 Qg6 29. Re3 Nb8 30. Ne5 Bxe5 31. Qxe5 Nd7 32. Qb5 Nf6 33. Rg3 Qf5 34.
Qxf5 exf5 35. Rgc3 a6 36. R3c2 b5 37. axb5 axb5 38. Bc5 bxc4 39. Rxc4 Nd5 40.
R4c2 h4 41. Re1 f6 42. Rce2 Kf7 43. Ra2 R6c7 44. Ra5 Rd7 45. Rea1 g5 46. Ra7
Rxa7 47. Rxa7+ Kg6 48. Kf1 Rb8 49. Ra1 Rb2 50. Rd1 Rc2 51. Bd6 f4 52. Re1 Kf5
53. Bc5 f3 54. gxf3 Nf4 55. Bd6 Nxh3 56. Re2 Rxe2 57. Kxe2 Nf4+ 58. Kf1 Nd5 59.
Kg2 Ke6 60. Ba3 Nf4+ 61. Kf1 Kd5 62. Be7 Nh5 63. Kg2 Ke6 64. Bd8 Nf4+ 65. Kh2
Kf5 66. Be7 Nd3 67. Kg2 Ne1+ 68. Kf1 Nxf3 69. d5 Ne5 70. d6 Ke6 71. Kg2 Nf7 72.
Bf8 Nxd6 73. f4 g4 74. Bg7 Nf5 75. Bf8 h3+ 76. Kf2 Kd5 0-1